Vasco Nuñez de Balboa / (Registro nro. 11701)

Detalles MARC
000 -LEADER
fixed length control field 00644nam a22002177a 4500
003 - CONTROL NUMBER IDENTIFIER
control field DO-SdBNP
005 - DATE AND TIME OF LATEST TRANSACTION
control field 20180205135125.0
008 - FIXED-LENGTH DATA ELEMENTS--GENERAL INFORMATION
fixed length control field 161027b 1981 sp|||| |||| 00| 0 spa d
020 ## - INTERNATIONAL STANDARD BOOK NUMBER
International Standard Book Number 843051225X
040 ## - CATALOGING SOURCE
Original cataloging agency BPMSU
Language of cataloging spa
Transcribing agency BPMSU
100 1# - MAIN ENTRY--PERSONAL NAME
Personal name Herrera, Juan Ignacio
245 10 - TITLE STATEMENT
Title Vasco Nuñez de Balboa /
Statement of responsibility, etc. Juan Ignacio Herrera ; ilustraciones J.P. Montero.
260 ## - PUBLICATION, DISTRIBUTION, ETC. (IMPRINT)
Place of publication, distribution, etc. Barcelona :
Name of publisher, distributor, etc. Susaeta Ediciones,
Date of publication, distribution, etc. 1981
300 ## - PHYSICAL DESCRIPTION
Extent 99 p. :
Other physical details il. ;
Dimensions 21 cm
490 1# - SERIES STATEMENT
Series statement Vidas ilustres
700 ## - ADDED ENTRY--PERSONAL NAME
Personal name Mpontero, J. P.
Relator term il.
830 #0 - SERIES ADDED ENTRY--UNIFORM TITLE
Name of part/section of a work Vidas ilustres
942 ## - ADDED ENTRY ELEMENTS (KOHA)
Source of classification or shelving scheme Dewey Decimal Classification
Koha item type Libros
945 ## - LOCAL PROCESSING INFORMATION (OCLC)
a Inventariado, 2018 /LP
956 ## - LOCAL ELECTRONIC LOCATION AND ACCESS (OCLC)
Host name DGARCIA
Access number 10
Existencias
Withdrawn status Lost status Source of classification or shelving scheme Damaged status Not for loan Collection code Home library Current library Date acquired Source of acquisition Total Checkouts Barcode Date last seen Price effective from Koha item type Copy number
    Dewey Decimal Classification     Colección General Biblioteca Pública Metropolitana Salomé Ureña Biblioteca Pública Metropolitana Salomé Ureña 10/27/2016 Donado   BPMSU16100405 10/27/2016 10/27/2016 Libros  
    Dewey Decimal Classification     Colección General Biblioteca Pública Metropolitana Salomé Ureña Biblioteca Pública Metropolitana Salomé Ureña 10/28/2016 Donado   BPMSU16100414 10/28/2016 10/28/2016 Libros ej. 2